000 00690nam a22002537a 4500
005 20170123162347.0
010 _aA-212566
020 _c00.00
035 _aA-212566
037 _bCen Lib/Ret
040 _aDPL
_bUR
082 _a841
_2ا ن ز
100 _aخلیق انجم
_9133281
245 _aنغمے روح /
_cخلیق انجم
246 _aNaghmaye roh/
_bby Khaleeq Anjum
260 _bSL
270 _aSL
300 _a168p.
_c18cm(Hb)
650 _aاردو ادب
_9133282
650 _aاردو ادب
_v شیری
_9589
650 _aUrdu litrerature
_9590
650 _aUrdu literature
_vPoetry
_9591
942 _2ddc
_cUR
_h841
_mا ن ز
999 _c108940
_d108940